| 000 | 00666nam a22002177a 4500 | ||
|---|---|---|---|
| 005 | 20170124110044.0 | ||
| 010 | _aA-813243 | ||
| 020 |
_c00.00 _a8125006680 |
||
| 035 | _aA-813243 | ||
| 037 | _bCen Lib/Ret | ||
| 040 |
_aDPL _bEN |
||
| 082 |
_a796.358092 _bMUK |
||
| 100 |
_aMukherjee, Sujit _923118 |
||
| 245 |
_aMatched winners / _cby Sujit Mukherjee |
||
| 260 |
_aNew Delhi _bDisha Books _c1996 |
||
| 270 |
_a1/24 Asaf Ali Road _bNew Delhi _e110002 |
||
| 300 |
_a195p. _c21cm(Hb) |
||
| 650 |
_aCricket--Match winners _974342 |
||
| 650 |
_aCricket players _974343 |
||
| 942 |
_2ddc _cEN _h796.358092 _mMUK |
||
| 999 |
_c128739 _d128739 |
||